<?xml version="1.0" encoding="UTF-8"?>
<record
    xmlns:xsi="http://www.w3.org/2001/XMLSchema-instance"
    xsi:schemaLocation="http://www.loc.gov/MARC21/slim http://www.loc.gov/standards/marcxml/schema/MARC21slim.xsd"
    xmlns="http://www.loc.gov/MARC21/slim">

  <leader>01408nam a2200277 a 4500</leader>
  <controlfield tag="001">77796</controlfield>
  <controlfield tag="003">BD-RjUL</controlfield>
  <controlfield tag="005">20211209083028.0</controlfield>
  <controlfield tag="008">210117s2002    lh ||||| |||| 00| 0 ar  d</controlfield>
  <datafield tag="020" ind1=" " ind2=" ">
    <subfield code="a">2745131176</subfield>
    <subfield code="c">: Tk.1100</subfield>
  </datafield>
  <datafield tag="035" ind1=" " ind2=" ">
    <subfield code="a">(BD-RjUL)78022</subfield>
  </datafield>
  <datafield tag="040" ind1=" " ind2=" ">
    <subfield code="a">BD-RjUL</subfield>
    <subfield code="b">eng</subfield>
    <subfield code="c">BD-RjUL</subfield>
    <subfield code="d">BD-RjUL</subfield>
  </datafield>
  <datafield tag="041" ind1=" " ind2=" ">
    <subfield code="a">ara</subfield>
  </datafield>
  <datafield tag="082" ind1=" " ind2=" ">
    <subfield code="2">23</subfield>
    <subfield code="a">297.1226</subfield>
    <subfield code="b">TAF 2002</subfield>
  </datafield>
  <datafield tag="100" ind1=" " ind2=" ">
    <subfield code="4">&#x627;&#x628;&#x646; &#x627;&#x644;&#x62C;&#x648;&#x632;&#x64A;&#x60C; &#x62C;&#x645;&#x627;&#x644; &#x627;&#x644;&#x62F;&#x64A;&#x646; &#x623;&#x628;&#x648; &#x627;&#x644;&#x641;&#x631;&#x62C; &#x639;&#x628;&#x62F; &#x627;&#x644;&#x631;&#x62D;&#x645;&#x646; &#x628;&#x646; &#x639;&#x644;&#x64A; &#x628;&#x646; &#x645;&#x62D;&#x645;&#x62F; &#x627;&#x644;&#x628;&#x63A;&#x62F;&#x627;&#x62F;&#x64A;&#x60C;     Ibn al-Jawz&#x12B;, Jam&#x101;l al-D&#x12B;n Ab&#x16B; al-Faraj 'Abd al-Ra&#x1E25;m&#x101;n ibn 'Al&#x12B; ibn Mu&#x1E25;ammad al-Baghd&#x101;d&#x12B;,</subfield>
  </datafield>
  <datafield tag="245" ind1=" " ind2=" ">
    <subfield code="a">&#x632;&#x627;&#x62F; &#x627;&#x644;&#x645;&#x633;&#x64A;&#x631; &#x641;&#x64A; &#x639;&#x644;&#x645; &#x627;&#x644;&#x62A;&#x641;&#x633;&#x64A;&#x631;. /Z&#x101;d al-mas&#x12B;r f&#x12B; 'ilm al-tafs&#x12B;r. al-juz' al-th&#x101;n&#x12B;</subfield>
    <subfield code="c">Ibn al-Jawz&#x12B;, Jam&#x101;l al-D&#x12B;n Ab&#x16B; al-Faraj 'Abd al-Ra&#x1E25;m&#x101;n ibn 'Al&#x12B; ibn Mu&#x1E25;ammad al-Baghd&#x101;d&#x12B;,&#x639;&#x628;&#x62F; &#x627;&#x644;&#x631;&#x62D;&#x645;&#x646; &#x628;&#x646; &#x639;&#x644;&#x64A; &#x628;&#x646; &#x645;&#x62D;&#x645;&#x62F; &#x627;&#x644;&#x62C;&#x648;&#x632;&#x64A;</subfield>
  </datafield>
  <datafield tag="250" ind1=" " ind2=" ">
    <subfield code="a">2nd ed.</subfield>
  </datafield>
  <datafield tag="260" ind1=" " ind2=" ">
    <subfield code="a">Libanon :</subfield>
    <subfield code="b">Dar-al-Kotob-ilmiyah ,</subfield>
    <subfield code="c">2002</subfield>
  </datafield>
  <datafield tag="300" ind1=" " ind2=" ">
    <subfield code="a">4 v. ;</subfield>
    <subfield code="c">26 cm</subfield>
  </datafield>
  <datafield tag="500" ind1=" " ind2=" ">
    <subfield code="a">Includes Index</subfield>
  </datafield>
  <datafield tag="505" ind1=" " ind2=" ">
    <subfield code="a">Vol. 1-fatiha-mayeda.--v.2.Ashra- nur.--v-3.An'am-Tawba.--v.4.Soad-Hadid</subfield>
  </datafield>
  <datafield tag="650" ind1=" " ind2=" ">
    <subfield code="a">Qur&#x2BC;an </subfield>
    <subfield code="v">Criticism, interpretation, etc.</subfield>
    <subfield code="9">243645</subfield>
  </datafield>
  <datafield tag="650" ind1=" " ind2=" ">
    <subfield code="a">&#x642;&#x631;&#x622;&#x646; - &#x627;&#x644;&#x646;&#x642;&#x62F; &#x648;&#x627;&#x644;&#x62A;&#x641;&#x633;&#x64A;&#x631; &#x648;&#x645;&#x627; &#x625;&#x644;&#x649; &#x630;&#x644;&#x643;</subfield>
    <subfield code="9">243649</subfield>
  </datafield>
  <datafield tag="700" ind1=" " ind2=" ">
    <subfield code="a">Ibn al-Jawz&#x12B;, Jam&#x101;l al-D&#x12B;n Ab&#x16B; al-Faraj 'Abd al-Ra&#x1E25;m&#x101;n ibn 'Al&#x12B; ibn Mu&#x1E25;ammad al-Baghd&#x101;d&#x12B;,</subfield>
    <subfield code="9">243931</subfield>
  </datafield>
  <datafield tag="942" ind1=" " ind2=" ">
    <subfield code="2">ddc</subfield>
    <subfield code="c">BK</subfield>
  </datafield>
  <datafield tag="999" ind1=" " ind2=" ">
    <subfield code="c">77796</subfield>
    <subfield code="d">77796</subfield>
  </datafield>
  <datafield tag="952" ind1=" " ind2=" ">
    <subfield code="0">0</subfield>
    <subfield code="1">0</subfield>
    <subfield code="2">ddc</subfield>
    <subfield code="4">0</subfield>
    <subfield code="7">1</subfield>
    <subfield code="8">NFIC</subfield>
    <subfield code="a">RUCL</subfield>
    <subfield code="b">RUCL</subfield>
    <subfield code="c">Reading</subfield>
    <subfield code="d">2008-08-23</subfield>
    <subfield code="e">Maktabatul arabia</subfield>
    <subfield code="g">1100.00</subfield>
    <subfield code="l">0</subfield>
    <subfield code="o">A 297.1226 TAFV-1 2002</subfield>
    <subfield code="r">2021-01-17 00:00:00</subfield>
    <subfield code="t">C-1</subfield>
    <subfield code="w">2021-12-09</subfield>
    <subfield code="y">BK</subfield>
  </datafield>
  <datafield tag="952" ind1=" " ind2=" ">
    <subfield code="0">0</subfield>
    <subfield code="1">0</subfield>
    <subfield code="2">ddc</subfield>
    <subfield code="4">0</subfield>
    <subfield code="7">1</subfield>
    <subfield code="8">NFIC</subfield>
    <subfield code="a">RUCL</subfield>
    <subfield code="b">RUCL</subfield>
    <subfield code="c">Reading</subfield>
    <subfield code="d">2008-08-23</subfield>
    <subfield code="e">Maktabatul arabia</subfield>
    <subfield code="g">1100.00</subfield>
    <subfield code="l">0</subfield>
    <subfield code="o">A 297.1226 TAF V-2 2002</subfield>
    <subfield code="r">2021-01-17 00:00:00</subfield>
    <subfield code="t">C-1</subfield>
    <subfield code="w">2021-12-09</subfield>
    <subfield code="y">BK</subfield>
  </datafield>
  <datafield tag="952" ind1=" " ind2=" ">
    <subfield code="0">0</subfield>
    <subfield code="1">0</subfield>
    <subfield code="2">ddc</subfield>
    <subfield code="4">0</subfield>
    <subfield code="7">1</subfield>
    <subfield code="8">NFIC</subfield>
    <subfield code="a">RUCL</subfield>
    <subfield code="b">RUCL</subfield>
    <subfield code="c">Reading</subfield>
    <subfield code="d">2008-08-23</subfield>
    <subfield code="e">Maktabatul arabia</subfield>
    <subfield code="g">1100.00</subfield>
    <subfield code="l">0</subfield>
    <subfield code="o">A 297.1226 TAF V-3 2002</subfield>
    <subfield code="r">2021-01-17 00:00:00</subfield>
    <subfield code="t">C-1</subfield>
    <subfield code="w">2021-12-09</subfield>
    <subfield code="y">BK</subfield>
  </datafield>
  <datafield tag="952" ind1=" " ind2=" ">
    <subfield code="0">0</subfield>
    <subfield code="1">0</subfield>
    <subfield code="2">ddc</subfield>
    <subfield code="4">0</subfield>
    <subfield code="7">1</subfield>
    <subfield code="8">NFIC</subfield>
    <subfield code="a">RUCL</subfield>
    <subfield code="b">RUCL</subfield>
    <subfield code="c">Reading</subfield>
    <subfield code="d">2008-08-23</subfield>
    <subfield code="e">Maktabatul arabia</subfield>
    <subfield code="g">1100.00</subfield>
    <subfield code="l">0</subfield>
    <subfield code="o">A 297.1226 V-4 TAF 2002</subfield>
    <subfield code="r">2021-01-17 00:00:00</subfield>
    <subfield code="t">C-1</subfield>
    <subfield code="w">2021-12-09</subfield>
    <subfield code="y">BK</subfield>
  </datafield>
</record>
